<?xml version="1.0" encoding="UTF-8"?>
<record
    xmlns:xsi="http://www.w3.org/2001/XMLSchema-instance"
    xsi:schemaLocation="http://www.loc.gov/MARC21/slim http://www.loc.gov/standards/marcxml/schema/MARC21slim.xsd"
    xmlns="http://www.loc.gov/MARC21/slim">

  <leader>02621cam a2200445 a 4500</leader>
  <datafield tag="999" ind1=" " ind2=" ">
    <subfield code="c">25085</subfield>
    <subfield code="d">25085</subfield>
  </datafield>
  <controlfield tag="001">16185890</controlfield>
  <controlfield tag="005">20170130160303.0</controlfield>
  <controlfield tag="008">100414s2010    txua     bc   000 0 eng  </controlfield>
  <datafield tag="010" ind1=" " ind2=" ">
    <subfield code="a">  2010926781</subfield>
  </datafield>
  <datafield tag="015" ind1=" " ind2=" ">
    <subfield code="a">GBB066965</subfield>
    <subfield code="2">bnb</subfield>
  </datafield>
  <datafield tag="016" ind1="7" ind2=" ">
    <subfield code="a">015566049</subfield>
    <subfield code="2">Uk</subfield>
  </datafield>
  <datafield tag="020" ind1=" " ind2=" ">
    <subfield code="a">9780300166118 (trade ed. : hardcover)</subfield>
  </datafield>
  <datafield tag="020" ind1=" " ind2=" ">
    <subfield code="a">0300166117 (trade ed. : hardcover)</subfield>
  </datafield>
  <datafield tag="020" ind1=" " ind2=" ">
    <subfield code="a">9780939594672 (museum ed. : paperback)</subfield>
  </datafield>
  <datafield tag="020" ind1=" " ind2=" ">
    <subfield code="a">0939594676 (museum ed. : paperback)</subfield>
  </datafield>
  <datafield tag="035" ind1=" " ind2=" ">
    <subfield code="a">(OCoLC)ocn636908011</subfield>
  </datafield>
  <datafield tag="040" ind1=" " ind2=" ">
    <subfield code="a">DLC</subfield>
    <subfield code="c">STF</subfield>
    <subfield code="d">UKM</subfield>
    <subfield code="d">BTCTA</subfield>
    <subfield code="d">ERASA</subfield>
    <subfield code="d">YDXCP</subfield>
    <subfield code="d">C#P</subfield>
    <subfield code="d">BWX</subfield>
    <subfield code="d">CDX</subfield>
    <subfield code="d">UKTTE</subfield>
    <subfield code="d">GZM</subfield>
    <subfield code="d">PMC</subfield>
    <subfield code="d">UKWOH</subfield>
    <subfield code="d">FDA</subfield>
    <subfield code="d">CUK</subfield>
    <subfield code="d">UKMGB</subfield>
    <subfield code="d">MIX</subfield>
    <subfield code="d">VP@</subfield>
    <subfield code="d">DLC</subfield>
  </datafield>
  <datafield tag="042" ind1=" " ind2=" ">
    <subfield code="a">pcc</subfield>
  </datafield>
  <datafield tag="050" ind1="0" ind2="0">
    <subfield code="a">N6889</subfield>
    <subfield code="b">.S42A4 2010</subfield>
  </datafield>
  <datafield tag="100" ind1="1" ind2=" ">
    <subfield code="a">Schwitters, Kurt,</subfield>
    <subfield code="d">1887-1948.</subfield>
  </datafield>
  <datafield tag="245" ind1="1" ind2="0">
    <subfield code="a">Kurt Schwitters :</subfield>
    <subfield code="b">color and collage /</subfield>
    <subfield code="c">edited by Isabel Schulz ; contributions by Leah Dickerman ... [et al.].</subfield>
  </datafield>
  <datafield tag="260" ind1=" " ind2=" ">
    <subfield code="a">Houston, Tex. :</subfield>
    <subfield code="b">Menil Collection ;</subfield>
    <subfield code="a">New Haven, Conn. :</subfield>
    <subfield code="b">Distributed by Yale University Press,</subfield>
    <subfield code="c">c2010.</subfield>
  </datafield>
  <datafield tag="300" ind1=" " ind2=" ">
    <subfield code="a">176 p. :</subfield>
    <subfield code="b">ill. (chiefly col.) ;</subfield>
    <subfield code="c">30 cm.</subfield>
  </datafield>
  <datafield tag="500" ind1=" " ind2=" ">
    <subfield code="a">The Menil Collection, Houston, October 22, 2010-January 30, 2011; Princeton University Art Museum, March 26-June 26, 2011; University of California, Berkeley Art Museum and Pacific Film Archive, August 3-November 27, 2011.</subfield>
  </datafield>
  <datafield tag="504" ind1=" " ind2=" ">
    <subfield code="a">Includes bibliographical references (p. 171-174).</subfield>
  </datafield>
  <datafield tag="505" ind1="0" ind2="0">
    <subfield code="t">Kurt Schwitters : color and collage /</subfield>
    <subfield code="r">Isabel Schulz --</subfield>
    <subfield code="t">Schwitters fec. /</subfield>
    <subfield code="r">Leah Dickerman --</subfield>
    <subfield code="t">Kurt Schwitters's Merzbau /</subfield>
    <subfield code="r">Gwendolen Webster.</subfield>
  </datafield>
  <datafield tag="520" ind1="8" ind2=" ">
    <subfield code="a">Best known for his extraordinary abstract collages, Kurt Schwitters is one of the most influential figures of the international avant-garde. This volume emphasizes the significance of colour and light in the artist's work, as well as delving into the relationship between collage and painting.</subfield>
  </datafield>
  <datafield tag="600" ind1="1" ind2="0">
    <subfield code="a">Schwitters, Kurt,</subfield>
    <subfield code="d">1887-1948</subfield>
    <subfield code="v">Exhibitions.</subfield>
  </datafield>
  <datafield tag="600" ind1="1" ind2="7">
    <subfield code="a">Schwitters, Kurt,</subfield>
    <subfield code="d">1887-1948</subfield>
    <subfield code="v">Exhibitions.</subfield>
    <subfield code="2">sears</subfield>
  </datafield>
  <datafield tag="700" ind1="1" ind2=" ">
    <subfield code="a">Schulz, Isabel.</subfield>
  </datafield>
  <datafield tag="700" ind1="1" ind2=" ">
    <subfield code="a">Dickerman, Leah,</subfield>
    <subfield code="d">1964-</subfield>
  </datafield>
  <datafield tag="710" ind1="2" ind2=" ">
    <subfield code="a">Menil Collection (Houston, Tex.)</subfield>
  </datafield>
  <datafield tag="710" ind1="2" ind2=" ">
    <subfield code="a">Princeton University.</subfield>
    <subfield code="b">Art Museum.</subfield>
  </datafield>
  <datafield tag="710" ind1="2" ind2=" ">
    <subfield code="a">Berkeley Art Museum and Pacific Film Archive.</subfield>
  </datafield>
  <datafield tag="942" ind1=" " ind2=" ">
    <subfield code="2">lcc</subfield>
    <subfield code="c">BOOKS</subfield>
    <subfield code="h">N6889 .S42A4 2010</subfield>
  </datafield>
  <datafield tag="952" ind1=" " ind2=" ">
    <subfield code="0">0</subfield>
    <subfield code="1">0</subfield>
    <subfield code="2">lcc</subfield>
    <subfield code="4">0</subfield>
    <subfield code="7">0</subfield>
    <subfield code="a">MUC</subfield>
    <subfield code="b">MUC</subfield>
    <subfield code="c">GEN</subfield>
    <subfield code="d">2017-01-30</subfield>
    <subfield code="e">Donation(BFA)</subfield>
    <subfield code="l">0</subfield>
    <subfield code="o">N6889 .S42A4 2010</subfield>
    <subfield code="p">32684</subfield>
    <subfield code="r">2017-01-30</subfield>
    <subfield code="w">2017-01-30</subfield>
    <subfield code="y">BOOKS</subfield>
  </datafield>
</record>
